Music Quiz

Random Music or Album Quiz
Score 0/7 Timer 06:00
0 Plays Today
Year/Hit Song* Album % Correct
1973/Candle in the WindGoodbye Yellow Brick Road
92.7%
1974/ Don't let the sun go down on meCaribou
76.8%
1972/Rocket ManHonky Chateau
75.6%
1973/Crocodile RockDon't Shoot Me I'm Only The Piano Player
74.4%
1975/Island GirlRock Of The Westies
67.1%
1974/Compilation Album*Greatest Hits
67.1%
1975/Someone saved my life tonightCaptain Fantastic And The Brown Dirt Cowboy
62.2%
Remove Ads.
Support Sporcle.
Get the best of Sporcle when you Go Orange. This ad-free experience offers more features, more stats, and more fun while also helping to support Sporcle. Thank you for becoming a member.

You're not logged in!

Compare scores with friends on all Sporcle quizzes.
OR
Log In

Show Comments

Extras

Top Quizzes Today


Score Distribution

Your Account Isn't Verified!

In order to create a playlist on Sporcle, you need to verify the email address you used during registration. Go to your Sporcle Settings to finish the process.

Report this User

Report this user for behavior that violates our Community Guidelines.

Details: